| 000 | 00568 a2200169 4500 | ||
|---|---|---|---|
| 999 |
_c1910 _d1910 |
||
| 020 | _a9781439048320 | ||
| 050 | _aHM 1166 WES 2009 | ||
| 100 |
_aWest, Richard _eauthor |
||
| 245 |
_aUnderstanding interpersonal communication : _bmaking choices in changing times / _cRichard West |
||
| 250 | _a2nd ed. | ||
| 264 |
_aBoston : _bWadsworth, _c2009 |
||
| 300 |
_axvii, 406p. _bill. (col.) |
||
| 500 | _aincludes bibliographical references and index | ||
| 650 | _aInterpersonal communication. | ||
| 700 |
_aLynn H. Turner _eauthor |
||
| 942 |
_2lcc _cBK _e2nd ed. _h1166 _iWES _kHM |
||